[Event "Aeroflot Open 2011 B"]
[Site "Moscu RUS"]
[Date "2011.02.13"]
[Round "6.33"]
[White "Predke, Alexandr"]
[Black "Korchmar, Vasiliy"]
[Result "1-0"]
[WhiteElo "2415"]
[BlackElo "2216"]
[PlyCount "111"]
[EventDate "2011.02.08"]
[EventType "swiss"]
[EventRounds "9"]
[EventCountry "RUS"]
[Source "lmi"]
[SourceDate "2011.02.08"]

1. e4 c5 2. Nf3 d6 3. d4 cxd4 4. Nxd4 Nf6 5. Nc3 a6 6. Be3 e5 7. Nf3 Be7 8. Bc4
O-O 9. O-O Qc7 10. Bb3 Be6 11. Qd3 b5 12. Nd5 Bxd5 13. Bxd5 Nxd5 14. Qxd5 Nd7
15. Qd3 Nc5 16. Bxc5 dxc5 17. c4 Rfd8 18. Qe2 b4 19. Rfd1 Rxd1+ 20. Rxd1 Rd8
21. Rxd8+ Bxd8 22. Qd2 Bf6 23. Ne1 h6 24. g3 Bg5 25. Qd1 Qa5 26. Qb3 Qd8 27. h4
Qd2 28. Kf1 Be7 29. Qc2 Qd7 30. Ng2 Qd4 31. Ne3 g6 32. Nd5 Bf8 33. h5 a5 34. b3
Qa1+ 35. Kg2 Bg7 36. hxg6 fxg6 37. Qe2 Kh7 38. Ne7 Qd4 39. Qg4 Qd6 40. Nd5 Qc6
41. Qh4 a4 42. Qe7 axb3 43. axb3 Kh8 44. Qf7 Kh7 45. g4 g5 46. Kg3 Qg6 47. Qc7
Qa6 48. Ne3 Qa1 49. Kg2 Qb1 50. Qb7 Kg6 51. Qc6+ Kh7 52. Qb7 Kg6 53. Nf5 Bf6
54. Qd5 Bg7 55. Qc6+ Bf6 56. Qe8+ 1-0

[Event "Aeroflot Open 2011 B"]
[Site "Moscu RUS"]
[Date "2011.02.13"]
[Round "6.34"]
[White "Yuferev, Oleg"]
[Black "Ulibin, Mikhail"]
[Result "0-1"]
[WhiteElo "2367"]
[BlackElo "2547"]
[PlyCount "62"]
[EventDate "2011.02.08"]
[EventType "swiss"]
[EventRounds "9"]
[EventCountry "RUS"]
[Source "lmi"]
[SourceDate "2011.02.08"]

1. Nf3 d5 2. d4 c6 3. c4 dxc4 4. e3 Be6 5. a4 Nf6 6. Nc3 Na6 7. Ng5 Qd7 8. a5
Nb4 9. Ra4 Nd3+ 10. Bxd3 cxd3 11. Nxe6 Qxe6 12. Qxd3 g6 13. O-O Bg7 14. Rb4 Qc8
15. Bd2 O-O 16. Rc1 Rd8 17. Qc2 Rb8 18. Na4 Nd5 19. Rc4 Nc7 20. Bb4 Qd7 21. Nc5
Qe8 22. a6 b6 23. Nd3 c5 24. dxc5 Nxa6 25. c6 Rbc8 26. Ba3 b5 27. Re4 e6 28.
Nb4 Nxb4 29. Rxb4 Rxc6 30. Qb1 Rxc1+ 31. Qxc1 a5 0-1

[Event "Aeroflot Open 2011 B"]
[Site "Moscu RUS"]
[Date "2011.02.13"]
[Round "6.35"]
[White "Ovetchkin, Roman"]
[Black "Vishnu, Prasanna V"]
[Result "1-0"]
[WhiteElo "2498"]
[BlackElo "2369"]
[PlyCount "47"]
[EventDate "2011.02.08"]
[EventType "swiss"]
[EventRounds "9"]
[EventCountry "RUS"]
[Source "lmi"]
[SourceDate "2011.02.08"]

1. e4 c5 2. Nf3 d6 3. Bb5+ Nd7 4. c3 Ngf6 5. Qe2 a6 6. Ba4 c4 7. Bc2 b5 8. b3
Qc7 9. bxc4 Qxc4 10. d3 Qc7 11. a4 Bb7 12. axb5 axb5 13. Rxa8+ Bxa8 14. O-O g6
15. Nd4 Qb8 16. Na3 b4 17. cxb4 Qxb4 18. Ndb5 Bc6 19. Bd2 Qc5 20. Ba4 Bxb5 21.
Nxb5 e6 22. Rc1 Qb6 23. Be3 Qa5 24. Na7 1-0

[Event "Aeroflot Open 2011 B"]
[Site "Moscu RUS"]
[Date "2011.02.13"]
[Round "6.36"]
[White "Zolotukhin, Valery"]
[Black "Korobkov, Piotr"]
[Result "0-1"]
[WhiteElo "2348"]
[BlackElo "2492"]
[PlyCount "62"]
[EventDate "2011.02.08"]
[EventType "swiss"]
[EventRounds "9"]
[EventCountry "RUS"]
[Source "lmi"]
[SourceDate "2011.02.08"]

1. e4 c5 2. Nf3 Nc6 3. d4 cxd4 4. Nxd4 Qb6 5. Nb3 Nf6 6. Nc3 e6 7. Qe2 d6 8. g4
h6 9. h4 a6 10. Bh3 Nd7 11. Be3 Qc7 12. O-O-O b5 13. a3 b4 14. axb4 Nxb4 15. g5
Rb8 16. g6 Nf6 17. gxf7+ Kxf7 18. Rd4 Qb7 19. Qc4 d5 20. exd5 exd5 21. Qe2 Bxh3
22. Rxh3 Bd6 23. Rf3 Be5 24. Rxf6+ Bxf6 25. Qh5+ g6 26. Qf3 Kg7 27. Nc5 Qc6 28.
Rf4 Rhe8 29. Qg4 Rxe3 30. fxe3 Qxc5 31. Qe6 Qe7 0-1

[Event "Aeroflot Open 2011 B"]
[Site "Moscu RUS"]
[Date "2011.02.13"]
[Round "6.37"]
[White "Khantuev, Alexander"]
[Black "Tunik, Gennady"]
[Result "1/2-1/2"]
[WhiteElo "2347"]
[BlackElo "2450"]
[PlyCount "105"]
[EventDate "2011.02.08"]
[EventType "swiss"]
[EventRounds "9"]
[EventCountry "RUS"]
[Source "lmi"]
[SourceDate "2011.02.08"]

1. e4 c5 2. c3 e6 3. Nf3 d5 4. exd5 exd5 5. d4 Nc6 6. Be3 c4 7. b3 cxb3 8. axb3
Bd6 9. Bg5 Nge7 10. Bd3 f6 11. Bh4 Bf5 12. Bg3 O-O 13. O-O a6 14. Bxf5 Nxf5 15.
Qd3 Qd7 16. Nbd2 Rfe8 17. Rfe1 Bxg3 18. hxg3 Nd6 19. c4 Qf7 20. Nh4 g6 21. Nhf3
Kg7 22. c5 Nb5 23. Re3 Nb4 24. Qb1 Re6 25. Nf1 Rae8 26. Qb2 Nc6 27. g4 h6 28.
Rxe6 Qxe6 29. Ne3 Qd7 30. Rd1 Re4 31. Rd3 Nd8 32. Rd1 Ne6 33. Rd2 Ng5 34. Nxg5
hxg5 35. b4 f5 36. gxf5 gxf5 37. Qb3 Kg6 38. Qxd5 Qxd5 39. Nxd5 Rxd4 40. Rxd4
Nxd4 41. f3 Nc6 42. Kf2 Kf7 43. Ke3 Ke6 44. Nc7+ Ke5 45. b5 axb5 46. Nxb5 f4+
47. Kd3 Kd5 48. Nd6 b6 49. Ne4 Ne5+ 50. Kc3 bxc5 51. Nxg5 Ng6 52. Ne4 Nh4 53.
g3 1/2-1/2

[Event "Aeroflot Open 2011 B"]
[Site "Moscu RUS"]
[Date "2011.02.13"]
[Round "6.38"]
[White "Denisov, Lev"]
[Black "Sieciechowicz, Marcin"]
[Result "0-1"]
[WhiteElo "2337"]
[BlackElo "2441"]
[PlyCount "54"]
[EventDate "2011.02.08"]
[EventType "swiss"]
[EventRounds "9"]
[EventCountry "RUS"]
[Source "lmi"]
[SourceDate "2011.02.08"]

1. e4 e6 2. d4 d5 3. Nc3 Nf6 4. e5 Nfd7 5. f4 c5 6. Nf3 Nc6 7. Be3 a6 8. Qd2 b5
9. Be2 Bb7 10. O-O Qb6 11. Rad1 Rc8 12. Kh1 cxd4 13. Nxd4 Bc5 14. Ne4 Nxd4 15.
Nxc5 Nf5 16. Nxb7 Qxb7 17. Bd3 Nxe3 18. Qxe3 g6 19. Qh3 O-O 20. f5 exf5 21.
Rxf5 Nc5 22. Qh6 Nxd3 23. Rxd3 Qe7 24. Rh3 f6 25. Rg3 Rf7 26. Qd2 fxe5 27. Qxd5
Rd8 0-1

[Event "Aeroflot Open 2011 B"]
[Site "Moscu RUS"]
[Date "2011.02.13"]
[Round "6.39"]
[White "Abbasifar, Hasan"]
[Black "Poghosyan, Suren"]
[Result "1-0"]
[WhiteElo "2411"]
[BlackElo "2317"]
[PlyCount "45"]
[EventDate "2011.02.08"]
[EventType "swiss"]
[EventRounds "9"]
[EventCountry "RUS"]
[Source "lmi"]
[SourceDate "2011.02.08"]

1. e4 e6 2. d4 d5 3. Nc3 Bb4 4. Qd3 dxe4 5. Qxe4 Nf6 6. Qh4 c5 7. dxc5 Bxc5 8.
Nf3 Nc6 9. Bg5 Be7 10. Bd3 Nb4 11. Bb5+ Kf8 12. O-O Nfd5 13. Rad1 h6 14. Nxd5
Nxd5 15. Bxe7+ Qxe7 16. Qd4 f6 17. c4 a6 18. Ba4 b5 19. Nh4 Qe8 20. Bc2 Ne7 21.
Be4 e5 22. Qc5 Rb8 23. Bg6 1-0

[Event "Aeroflot Open 2011 B"]
[Site "Moscu RUS"]
[Date "2011.02.13"]
[Round "6.40"]
[White "Poetsch, Hagen"]
[Black "Wang, Jue"]
[Result "1/2-1/2"]
[WhiteElo "2408"]
[BlackElo "2252"]
[PlyCount "198"]
[EventDate "2011.02.08"]
[EventType "swiss"]
[EventRounds "9"]
[EventCountry "RUS"]
[Source "lmi"]
[SourceDate "2011.02.08"]

1. e4 c5 2. Nf3 e6 3. Nc3 a6 4. d4 cxd4 5. Nxd4 b5 6. Bd3 Bb7 7. O-O Nc6 8.
Nxc6 Bxc6 9. Re1 Bc5 10. Qg4 Nf6 11. Qg5 d6 12. Be3 Bxe3 13. Rxe3 g6 14. e5
dxe5 15. Qxe5 O-O 16. Rg3 Qe7 17. h4 Nd7 18. Qf4 Qf6 19. Qb4 Ne5 20. Re1 Rac8
21. h5 Rfd8 22. hxg6 hxg6 23. Qa5 Nxd3 24. cxd3 Kg7 25. Qxa6 Rh8 26. Qb6 Rh5
27. f3 Qh4 28. Kf2 Bd5 29. Qe3 b4 30. Ne2 Rc2 31. a3 b3 32. f4 Rxb2 33. Qd4+
Qf6 34. Qxf6+ Kxf6 35. Ke3 Ra2 36. Rb1 Rxa3 37. Nd4 Rh8 38. Rh3 Rxh3+ 39. gxh3
Ra2 40. Nxb3 Rh2 41. Nd4 Rxh3+ 42. Ke2 g5 43. fxg5+ Kxg5 44. Rg1+ Kf4 45. Rf1+
Ke5 46. Nb5 f5 47. d4+ Ke4 48. Nd6+ Kxd4 49. Nxf5+ exf5 50. Rxf5 Rh2+ 51. Rf2
Rh1 52. Rf4+ Be4 53. Kf2 Rh2+ 54. Kg3 Rg2+ 55. Kh3 Rg8 56. Rg4 Rh8+ 57. Rh4 Rf8
58. Kg4 Rf1 59. Rh8 Bf5+ 60. Kg5 Ke5 61. Re8+ Be6 62. Ra8 Rg1+ 63. Kh4 Bd7 64.
Ra2 Bf5 65. Re2+ Kf6 66. Rf2 Rg4+ 67. Kh3 Ke5 68. Rg2 Ra4+ 69. Kg3 Ra3+ 70. Kh2
Be4 71. Rf2 Re3 72. Rf8 Re2+ 73. Kg1 Kd4 74. Rf2 Re1+ 75. Rf1 Re3 76. Kf2 Ra3
77. Rd1+ Ke5 78. Rd8 Kf4 79. Rf8+ Bf5 80. Re8 Rc3 81. Re7 Rc8 82. Re2 Be4 83.
Ke1 Kf3 84. Rf2+ Ke3 85. Re2+ Kd4 86. Kf2 Rf8+ 87. Kg3 Bd3 88. Re1 Rg8+ 89. Kf4
Rf8+ 90. Kg3 Be4 91. Re2 Rf1 92. Rf2 Rg1+ 93. Kf4 Rg8 94. Rd2+ Bd3 95. Rf2 Rg1
96. Rf3 Be2 97. Rf2 Bd3 98. Rf3 Rg2 99. Rg3 Re2 1/2-1/2

[Event "Aeroflot Open 2011 B"]
[Site "Moscu RUS"]
[Date "2011.02.13"]
[Round "6.41"]
[White "Tologontegin, Semetey"]
[Black "Alavkin, Arseny"]
[Result "0-1"]
[WhiteElo "2331"]
[BlackElo "2393"]
[PlyCount "44"]
[EventDate "2011.02.08"]
[EventType "swiss"]
[EventRounds "9"]
[EventCountry "RUS"]
[Source "lmi"]
[SourceDate "2011.02.08"]

1. d4 d5 2. c4 c6 3. Nf3 Nf6 4. e3 a6 5. Nbd2 Bf5 6. Be2 e6 7. Nh4 Be4 8. f3
Bg6 9. O-O c5 10. Nxg6 hxg6 11. cxd5 Nxd5 12. Nb3 cxd4 13. Nxd4 Bc5 14. g3 Nc6
15. Nxc6 bxc6 16. Qa4 Qb6 17. Kh1 Bxe3 18. Bxe3 Nxe3 19. Rfc1 Nf5 20. Bf1 Nxg3+
21. Kg2 Nxf1 22. Kxf1 Rxh2 0-1

[Event "Aeroflot Open 2011 B"]
[Site "Moscu RUS"]
[Date "2011.02.13"]
[Round "6.42"]
[White "Bajt, Indira"]
[Black "Bajarani, Ulvi"]
[Result "0-1"]
[WhiteElo "2215"]
[BlackElo "2393"]
[PlyCount "88"]
[EventDate "2011.02.08"]
[EventType "swiss"]
[EventRounds "9"]
[EventCountry "RUS"]
[Source "lmi"]
[SourceDate "2011.02.08"]

1. e4 e6 2. d4 d5 3. Nc3 Nf6 4. Bg5 Be7 5. e5 Nfd7 6. h4 O-O 7. Bd3 c5 8. Qh5
g6 9. Qh6 Nc6 10. Nh3 Re8 11. Bxe7 Rxe7 12. Ng5 f6 13. Nxe6 Rxe6 14. Bxg6 Re7
15. Nxd5 hxg6 16. Nxe7+ Nxe7 17. O-O-O cxd4 18. Rxd4 fxe5 19. Rd2 Qf8 20. Qg5
Qf6 21. Qg3 Nf8 22. h5 Be6 23. hxg6 Nexg6 24. Qd3 Rc8 25. g3 Bf5 26. Qf3 Qe6
27. Kb1 Rc6 28. Qh5 Bg4 29. Qh6 Rd6 30. Rxd6 Qxd6 31. Qg5 Bf3 32. Re1 e4 33. a3
a6 34. Qe3 b5 35. Qg5 Kg7 36. Qf5 Ne6 37. Re3 Nd4 38. Qg5 Ne2 39. Ka2 Nc1+ 40.
Kb1 Qd1 41. Qf5 Nb3+ 42. Ka2 Nd2 43. Qd7+ Kh6 44. Qh3+ Bh5 0-1

[Event "Aeroflot Open 2011 B"]
[Site "Moscu RUS"]
[Date "2011.02.13"]
[Round "6.43"]
[White "Baghdasaryan, Vahe"]
[Black "Tseshkovsky, Vitaly"]
[Result "1-0"]
[WhiteElo "2303"]
[BlackElo "2528"]
[PlyCount "77"]
[EventDate "2011.02.08"]
[EventType "swiss"]
[EventRounds "9"]
[EventCountry "RUS"]
[Source "lmi"]
[SourceDate "2011.02.08"]

1. e4 c5 2. Nf3 Nc6 3. d4 cxd4 4. Nxd4 Qc7 5. Nc3 e6 6. f4 a6 7. Nxc6 bxc6 8.
Bd3 Nf6 9. e5 Nd5 10. Ne4 Qb6 11. Qf3 Bb7 12. c4 f5 13. exf6 Nxf6 14. Nxf6+
gxf6 15. Be3 Qa5+ 16. Bd2 Bb4 17. O-O-O Bxd2+ 18. Rxd2 O-O-O 19. Rhd1 Qc5 20.
b4 Qxb4 21. Qe3 c5 22. Rb2 Qa3 23. Kb1 Bc6 24. Qd2 Kc7 25. Bc2 d5 26. Bb3 Rb8
27. f5 Rxb3 28. axb3 dxc4 29. Qf4+ Kb6 30. Qxc4 Bd5 31. Qc3 Re8 32. fxe6 Bc6
33. Rd6 c4 34. Qd4+ Qc5 35. Rxc6+ Kxc6 36. Qd7+ Kb6 37. Qxe8 Qg1+ 38. Ka2 cxb3+
39. Rxb3+ 1-0

[Event "Aeroflot Open 2011 B"]
[Site "Moscu RUS"]
[Date "2011.02.13"]
[Round "6.44"]
[White "Delorme, Axel"]
[Black "Ivakhinova, Inna"]
[Result "1/2-1/2"]
[WhiteElo "2492"]
[BlackElo "2324"]
[PlyCount "88"]
[EventDate "2011.02.08"]
[EventType "swiss"]
[EventRounds "9"]
[EventCountry "RUS"]
[Source "lmi"]
[SourceDate "2011.02.08"]

1. d4 d5 2. c4 dxc4 3. e4 Nf6 4. e5 Nd5 5. Bxc4 Nb6 6. Bd3 Nc6 7. Be3 Nb4 8.
Be4 f5 9. exf6 exf6 10. Nc3 f5 11. Bb1 Be7 12. Nf3 O-O 13. a3 N4d5 14. Ba2 Kh8
15. Bd2 Be6 16. Ne2 Qd6 17. O-O Bf6 18. Qc1 c6 19. a4 a5 20. Nf4 Bg8 21. Nd3
Nb4 22. Nxb4 axb4 23. Bxg8 Kxg8 24. a5 Nd5 25. Qc4 Ra6 26. Ne5 Rfa8 27. Nd3 Kh8
28. Rfe1 h6 29. Nc5 R6a7 30. Re6 Qd8 31. Nb3 Qd7 32. Rae1 Rd8 33. Bxb4 Nxb4 34.
Qxb4 Bxd4 35. Re7 Qd6 36. Qxd4 Qxd4 37. Nxd4 Rxd4 38. g3 Rxa5 39. Rf7 Rb5 40.
Ree7 Rxb2 41. Rxg7 Rd1+ 42. Kg2 Rdd2 43. Rh7+ Kg8 44. Rhg7+ Kh8 1/2-1/2

[Event "Aeroflot Open 2011 B"]
[Site "Moscu RUS"]
[Date "2011.02.13"]
[Round "6.45"]
[White "Wan, Yunguo"]
[Black "Charochkina, Daria"]
[Result "1-0"]
[WhiteElo "2469"]
[BlackElo "2314"]
[PlyCount "51"]
[EventDate "2011.02.08"]
[EventType "swiss"]
[EventRounds "9"]
[EventCountry "RUS"]
[Source "lmi"]
[SourceDate "2011.02.08"]

1. e4 c6 2. d4 d5 3. Nc3 dxe4 4. Nxe4 Bf5 5. Ng3 Bg6 6. h4 h6 7. Nf3 Nd7 8. h5
Bh7 9. Bd3 Bxd3 10. Qxd3 Ngf6 11. Bf4 Qa5+ 12. Bd2 Qa4 13. O-O e6 14. b3 Qa3
15. Ne5 Rd8 16. Nc4 Qa6 17. Rfe1 Be7 18. Nf5 exf5 19. Qxf5 c5 20. dxc5 Kf8 21.
c6 b5 22. Rxe7 Qxc6 23. Bb4 Kg8 24. Nd6 a5 25. Nxf7 Rf8 26. Nxh8 1-0

[Event "Aeroflot Open 2011 B"]
[Site "Moscu RUS"]
[Date "2011.02.13"]
[Round "6.46"]
[White "Mansour, Sameer"]
[Black "Hamitevici, Vladimir"]
[Result "0-1"]
[WhiteElo "2318"]
[BlackElo "2412"]
[PlyCount "76"]
[EventDate "2011.02.08"]
[EventType "swiss"]
[EventRounds "9"]
[EventCountry "RUS"]
[Source "lmi"]
[SourceDate "2011.02.08"]

1. d4 Nf6 2. Nf3 e6 3. Bg5 h6 4. Bh4 d6 5. e3 g5 6. Bg3 Ne4 7. Nbd2 Nxg3 8.
hxg3 Bg7 9. Bd3 Nd7 10. c3 c6 11. a4 a5 12. Qe2 Qe7 13. e4 e5 14. dxe5 dxe5 15.
Nf1 Nc5 16. Bc4 O-O 17. N3d2 Rd8 18. Ne3 Rb8 19. g4 Qf6 20. Nf5 Be6 21. Rh3 Bf8
22. Rf3 Rxd2 23. Kxd2 b5 24. axb5 cxb5 25. Bd5 Bxd5 26. exd5 e4 27. Rh3 Nb3+
28. Ke1 Nxa1 29. Qd1 Qe5 30. Qxa1 Qxd5 31. Qd1 Qe6 32. Qd4 b4 33. Qa7 Qe5 34.
cxb4 Rxb4 35. Qa8 Rb8 36. Qc6 Qxb2 37. Nxh6+ Bxh6 38. Rxh6 Qb1+ 0-1

[Event "Aeroflot Open 2011 B"]
[Site "Moscu RUS"]
[Date "2011.02.13"]
[Round "6.47"]
[White "Guo, Qi"]
[Black "Kovanova, Baira"]
[Result "1-0"]
[WhiteElo "2310"]
[BlackElo "2391"]
[PlyCount "57"]
[EventDate "2011.02.08"]
[EventType "swiss"]
[EventRounds "9"]
[EventCountry "RUS"]
[Source "lmi"]
[SourceDate "2011.02.08"]

1. d4 Nf6 2. c4 e6 3. Nf3 b6 4. g3 Ba6 5. Qc2 c5 6. d5 exd5 7. cxd5 g6 8. Bg2
Bg7 9. O-O O-O 10. Nc3 d6 11. Re1 Qe7 12. Bf4 Nbd7 13. h3 b5 14. a3 h6 15. e4
Nb6 16. e5 Nfxd5 17. exd6 Qd8 18. Nxd5 Nxd5 19. Be5 Rc8 20. Rad1 Nb6 21. d7
Nxd7 22. Bxg7 Kxg7 23. Rd6 Bb7 24. Ne5 Qa5 25. Rxg6+ fxg6 26. Qxg6+ Kh8 27.
Qxh6+ Kg8 28. Qg5+ Kh7 29. Re4 1-0

[Event "Aeroflot Open 2011 B"]
[Site "Moscu RUS"]
[Date "2011.02.13"]
[Round "6.48"]
[White "Shevelev, Arkady"]
[Black "Filipenko, Alexander V"]
[Result "1/2-1/2"]
[WhiteElo "2303"]
[BlackElo "2357"]
[PlyCount "151"]
[EventDate "2011.02.08"]
[EventType "swiss"]
[EventRounds "9"]
[EventCountry "RUS"]
[Source "lmi"]
[SourceDate "2011.02.08"]

1. e4 c5 2. Nf3 d6 3. d4 cxd4 4. Nxd4 Nf6 5. Nc3 Nc6 6. Be3 e5 7. Nf3 Be7 8.
Bc4 O-O 9. Qe2 Na5 10. Bb3 Be6 11. Rd1 Nxb3 12. axb3 Qc7 13. O-O h6 14. Nd2 Qc6
15. Nc4 Rfc8 16. Nd5 Bxd5 17. exd5 Qc7 18. Na3 Qd8 19. c4 Nd7 20. Qg4 Kh8 21.
Nb5 a6 22. Nc3 Nf6 23. Qf3 b5 24. cxb5 axb5 25. Nxb5 Qd7 26. Na3 Rcb8 27. Nc4
Qb5 28. Bc1 Qxb3 29. Ne3 Ra4 30. Qe2 Bf8 31. Rd3 Qb5 32. Qc2 Raa8 33. Rfd1 Rc8
34. Rc3 Rxc3 35. Qxc3 Qb7 36. b4 Rc8 37. Qb3 Qb5 38. Bd2 g6 39. Be1 h5 40. Qd3
Qxd3 41. Rxd3 Bh6 42. Kf1 Bxe3 43. fxe3 Rb8 44. Ke2 Kg7 45. Rb3 Nxd5 46. b5 f5
47. Ba5 Kf6 48. b6 Ke6 49. Rb5 Nf6 50. b7 Kd7 51. Kd3 Kc6 52. Rb6+ Kc5 53. Rb1
e4+ 54. Kd2 Nd5 55. Rc1+ Kb5 56. Bc7 Rxb7 57. Bxd6 Nb6 58. Rc5+ Ka4 59. Bc7 Kb4
60. Bxb6 Rxb6 61. Rc8 Kb5 62. h3 Rc6 63. Re8 Kc4 64. g4 Ra6 65. Rc8+ Kd5 66.
Rd8+ Rd6 67. Rf8 Ke6+ 68. Ke2 Ke7 69. Ra8 Kf6 70. gxh5 gxh5 71. h4 Rb6 72. Rh8
Rb2+ 73. Ke1 Kg6 74. Rg8+ Kf6 75. Rh8 Kg6 76. Rg8+ 1/2-1/2

[Event "Aeroflot Open 2011 B"]
[Site "Moscu RUS"]
[Date "2011.02.13"]
[Round "6.49"]
[White "Demianjuk, Alexander"]
[Black "Malek, Daniel"]
[Result "1-0"]
[WhiteElo "2305"]
[BlackElo "2340"]
[PlyCount "111"]
[EventDate "2011.02.08"]
[EventType "swiss"]
[EventRounds "9"]
[EventCountry "RUS"]
[Source "lmi"]
[SourceDate "2011.02.08"]

1. d4 Nf6 2. c4 e6 3. Nf3 b6 4. g3 Bb7 5. Bg2 Be7 6. O-O O-O 7. Nc3 Ne4 8. Qc2
Nxc3 9. Qxc3 c5 10. Rd1 d6 11. b3 Bf6 12. Bb2 Qe7 13. Qd2 Rd8 14. dxc5 Bxb2 15.
Qxb2 bxc5 16. Qd2 h6 17. Qf4 Na6 18. Rd2 Nc7 19. Rad1 Ne8 20. e4 e5 21. Qe3 Kh7
22. Ne1 Nc7 23. Bh3 Bc8 24. Bf5+ g6 25. Bxc8 Raxc8 26. f4 Ne6 27. fxe5 dxe5 28.
Rxd8 Rxd8 29. Rd5 Qc7 30. Nf3 f6 31. Qd2 Nd4 32. Kg2 Rxd5 33. cxd5 f5 34. Qd3
Qd6 35. b4 cxb4 36. Nxd4 exd4 37. Qxd4 fxe4 38. Qxa7+ Kg8 39. Qd4 Qa6 40. Qxe4
Qxa2+ 41. Kh3 Kf8 42. Qxb4+ Kf7 43. Qf4+ Kg7 44. Qe5+ Kf7 45. Qe6+ Kg7 46. Qe7+
Kg8 47. Qf6 Qxd5 48. Qxg6+ Kh8 49. Qxh6+ Kg8 50. Kh4 Qd4+ 51. Kh5 Qf2 52. Qg5+
Kh7 53. Qe7+ Kh8 54. Qd8+ Kg7 55. Qc7+ Kg8 56. Kg6 1-0

[Event "Aeroflot Open 2011 B"]
[Site "Moscu RUS"]
[Date "2011.02.13"]
[Round "6.50"]
[White "Hernandez, Alexander"]
[Black "Carlstedt, Jonathan"]
[Result "0-1"]
[WhiteElo "2285"]
[BlackElo "2409"]
[PlyCount "68"]
[EventDate "2011.02.08"]
[EventType "swiss"]
[EventRounds "9"]
[EventCountry "RUS"]
[Source "lmi"]
[SourceDate "2011.02.08"]

1. e4 c5 2. Nf3 d6 3. d4 cxd4 4. Nxd4 Nf6 5. Nc3 g6 6. Be2 Bg7 7. O-O O-O 8.
Re1 Nc6 9. Nb3 Be6 10. Bf1 d5 11. Nc5 dxe4 12. Nxe6 Qxd1 13. Rxd1 fxe6 14. Bc4
Kf7 15. Bg5 Rfd8 16. Bxf6 exf6 17. Nxe4 Na5 18. Bb3 Ke7 19. c3 b6 20. f4 Bh6
21. g3 f5 22. Nf2 g5 23. Nd3 gxf4 24. Nxf4 Nxb3 25. axb3 a5 26. Kf2 Rac8 27.
Kf3 Rxd1 28. Rxd1 Rc5 29. c4 Rc8 30. Re1 Rc6 31. Nd5+ Kf7 32. Ne3 Rd6 33. Ke2
Rd4 34. Rd1 Bxe3 0-1

[Event "Aeroflot Open 2011 B"]
[Site "Moscu RUS"]
[Date "2011.02.13"]
[Round "6.51"]
[White "Dolzhykova, Kateryna"]
[Black "Zhelesny, Stanislav"]
[Result "1-0"]
[WhiteElo "2303"]
[BlackElo "2146"]
[PlyCount "85"]
[EventDate "2011.02.08"]
[EventType "swiss"]
[EventRounds "9"]
[EventCountry "RUS"]
[Source "lmi"]
[SourceDate "2011.02.08"]

1. e4 c6 2. d4 d5 3. Nd2 dxe4 4. Nxe4 Nf6 5. Nxf6+ exf6 6. c3 Bd6 7. Bd3 O-O 8.
Qc2 g6 9. h4 h5 10. Ne2 f5 11. Bd2 Be6 12. c4 Na6 13. a3 Nc7 14. Bc3 b5 15. b3
a5 16. Qd2 b4 17. axb4 axb4 18. Bb2 Rxa1+ 19. Bxa1 Be7 20. g3 Bc8 21. O-O Ne6
22. Rd1 Bf6 23. Qxb4 Nxd4 24. Nxd4 Bxd4 25. Bc2 c5 26. Qd2 Bf6 27. Qe3 Qe7 28.
Bxf6 Qxf6 29. Qxc5 Qc3 30. Rc1 Bb7 31. Qe3 Qf6 32. Rd1 Qc6 33. Rd5 Re8 34. Qd2
Qf6 35. Rd7 Bc6 36. Rd3 Qb2 37. Rd8 Rxd8 38. Qxd8+ Kg7 39. Bd1 Qc3 40. Kf1 f4
41. gxf4 Be4 42. Qd6 f6 43. Qe7+ 1-0

[Event "Aeroflot Open 2011 B"]
[Site "Moscu RUS"]
[Date "2011.02.13"]
[Round "6.52"]
[White "Oganisjn, Roman"]
[Black "Berube, Antoine"]
[Result "1/2-1/2"]
[WhiteElo "2293"]
[BlackElo "2146"]
[PlyCount "33"]
[EventDate "2011.02.08"]
[EventType "swiss"]
[EventRounds "9"]
[EventCountry "RUS"]
[Source "lmi"]
[SourceDate "2011.02.08"]

1. Nf3 d5 2. Nc3 Nf6 3. d4 Bf5 4. e3 e6 5. Bd3 Be7 6. O-O O-O 7. Re1 Nbd7 8. e4
dxe4 9. Nxe4 Nxe4 10. Bxe4 Bxe4 11. Rxe4 Nf6 12. Re1 c5 13. c3 h6 14. Bf4 cxd4
15. Qxd4 Qxd4 16. cxd4 Rfd8 17. Rad1 1/2-1/2

[Event "Aeroflot Open 2011 B"]
[Site "Moscu RUS"]
[Date "2011.02.13"]
[Round "6.53"]
[White "Adamowicz, Katarzyna"]
[Black "Saduakassova, Dinara"]
[Result "1-0"]
[WhiteElo "2103"]
[BlackElo "2225"]
[PlyCount "69"]
[EventDate "2011.02.08"]
[EventType "swiss"]
[EventRounds "9"]
[EventCountry "RUS"]
[Source "lmi"]
[SourceDate "2011.02.08"]

1. e4 c5 2. Nf3 d6 3. d4 cxd4 4. Nxd4 Nf6 5. Nc3 a6 6. Be3 e6 7. Be2 Qc7 8. a4
Be7 9. O-O b6 10. f4 Bb7 11. Bd3 Nbd7 12. Qf3 O-O 13. g4 Nc5 14. g5 Nfd7 15.
Qh3 Nxd3 16. cxd3 Qd8 17. Rf3 Nc5 18. Qh5 Re8 19. Rh3 h6 20. gxh6 g6 21. h7+
Kh8 22. Qe2 Bf6 23. Nf3 Qd7 24. Ng5 e5 25. f5 gxf5 26. Qh5 Rf8 27. exf5 Bxg5
28. Bxg5 f6 29. Bh6 Rf7 30. Qg6 Qe7 31. Kf2 Rg7 32. Bxg7+ Qxg7 33. Qxg7+ Kxg7
34. Rg1+ Kh8 35. Rhg3 1-0

[Event "Aeroflot Open 2011 B"]
[Site "Moscu RUS"]
[Date "2011.02.14"]
[Round "7.2"]
[White "Laylo, Darwin"]
[Black "Kotanjian, Tigran"]
[Result "1/2-1/2"]
[WhiteElo "2516"]
[BlackElo "2519"]
[PlyCount "26"]
[EventDate "2011.02.08"]
[EventType "swiss"]
[EventRounds "9"]
[EventCountry "RUS"]
[Source "lmi"]
[SourceDate "2011.02.08"]

1. d4 d5 2. c4 e6 3. Nf3 Nf6 4. Nc3 Be7 5. Bg5 O-O 6. e3 h6 7. Bh4 b6 8. Bd3
Bb7 9. O-O Nbd7 10. Qe2 Ne4 11. Bxe7 Qxe7 12. cxd5 Nxc3 13. bxc3 Bxd5 1/2-1/2

[Event "Aeroflot Open 2011 B"]
[Site "Moscu RUS"]
[Date "2011.02.14"]
[Round "7.3"]
[White "Belous, Vladimir"]
[Black "Lenderman, Aleksandr"]
[Result "1-0"]
[WhiteElo "2497"]
[BlackElo "2549"]
[PlyCount "103"]
[EventDate "2011.02.08"]
[EventType "swiss"]
[EventRounds "9"]
[EventCountry "RUS"]
[Source "lmi"]
[SourceDate "2011.02.08"]

1. d4 Nf6 2. c4 e6 3. Nc3 Bb4 4. f3 d5 5. a3 Bd6 6. Bg5 h6 7. Bh4 Be7 8. e3
Nbd7 9. Bg3 O-O 10. c5 c6 11. Bd3 b6 12. b4 bxc5 13. bxc5 Qa5 14. Nge2 Ba6 15.
O-O Bxd3 16. Qxd3 e5 17. Rfb1 Rfe8 18. Be1 Qc7 19. Na4 Qc8 20. Ng3 Bf8 21. Nc3
g6 22. Bf2 h5 23. Re1 h4 24. Nf1 h3 25. g4 e4 26. Qe2 exf3 27. Qxf3 Rb8 28.
Rab1 Qa6 29. g5 Qd3 30. gxf6 Qxc3 31. Bg3 Rb2 32. Rxb2 Qxb2 33. Bh4 Re6 34. Re2
Qxa3 35. Bg5 Qd3 36. Rf2 a5 37. Qxh3 Nxc5 38. dxc5 Qc3 39. Rf4 Re5 40. Qg3 Qa1
41. Rf3 Bxc5 42. Bh6 Kh7 43. Bg7 Bd6 44. Qg4 Rh5 45. Rh3 Bxh2+ 46. Rxh2 Rxh2
47. Kxh2 Qb2+ 48. Kh1 Qe5 49. Ng3 Qa1+ 50. Kh2 Qb2+ 51. Kh3 Qb4 52. e4 1-0

[Event "Aeroflot Open 2011 B"]
[Site "Moscu RUS"]
[Date "2011.02.14"]
[Round "7.5"]
[White "Shimanov, Aleksandr"]
[Black "Nakhapetiane, Pogos"]
[Result "1/2-1/2"]
[WhiteElo "2520"]
[BlackElo "2469"]
[PlyCount "89"]
[EventDate "2011.02.08"]
[EventType "swiss"]
[EventRounds "9"]
[EventCountry "RUS"]
[Source "lmi"]
[SourceDate "2011.02.08"]

1. d4 Nf6 2. c4 e6 3. Nf3 d5 4. g3 dxc4 5. Bg2 Nc6 6. Qa4 Bb4+ 7. Bd2 Bd6 8.
Na3 Bxa3 9. Qxa3 Qd6 10. Rc1 Qxa3 11. bxa3 Bd7 12. Rxc4 O-O-O 13. O-O Nd5 14.
Rfc1 f6 15. e4 Nb6 16. R4c2 Kb8 17. Be3 Be8 18. Bf1 Bg6 19. Nd2 Rhg8 20. Rxc6
bxc6 21. Rxc6 Rd6 22. Rc5 Rgd8 23. f3 Be8 24. Nb3 Rc6 25. Ra5 Nc4 26. Rb5+ Ka8
27. Bc1 Nb6 28. Ra5 Rc2 29. Bd3 Rc3 30. Be2 Ba4 31. Rc5 Rxc5 32. Nxc5 Rxd4 33.
Nxe6 Rd6 34. Nxg7 Bd1 35. Kf2 Rc6 36. Bxd1 Rxc1 37. Ke2 Kb7 38. Ne8 Rc6 39. Bb3
Kc8 40. g4 Kd8 41. Ng7 Rc1 42. h4 c5 43. Kd2 Rf1 44. Ke2 Rc1 45. Kd2 1/2-1/2